Wheat : (Record no. 13453)

000 -LEADER
fixed length control field 00487nam a2200181 a 4500
020 ## - INTERNATIONAL STANDARD BOOK NUMBER
ISBN 0913250651 (v. 1)
020 ## - INTERNATIONAL STANDARD BOOK NUMBER
ISBN 0913250732 (v. 2)
040 ## - CATALOGING SOURCE
Transcribing agency DLC
082 00 - DEWEY DECIMAL CLASSIFICATION NUMBER
Classification number 664 AME 1988 A044 Or.
245 00 - TITLE STATEMENT
Title Wheat :
Remainder of title chemistry and technology /
250 ## - EDITION STATEMENT
Edition statement 3rd ed.
260 ## - PUBLICATION, DISTRIBUTION, ETC. (IMPRINT)
Place of publication St. Paul, Minn., USA :
Name of publisher American Association of Cereal Chemists,
Year of publication 1988.
300 ## - PHYSICAL DESCRIPTION
Number of Pages 2 v. :
Other physical details ill. ;
Dimensions 23 cm.
650 #0 - SUBJECT ADDED ENTRY--TOPICAL TERM
Topical Term Wheat.
650 #0 - SUBJECT ADDED ENTRY--TOPICAL TERM
Topical Term Wheat products.
700 1# - ADDED ENTRY--PERSONAL NAME
Personal name Pomeranz, Y.
942 ## - ADDED ENTRY ELEMENTS (KOHA)
Koha item type សៀវភៅភាសាអង់គ្លេស
952 ## - LOCATION AND ITEM INFORMATION (KOHA)
Withdrawn status [LOCAL, KOHA] 0
Holdings
Permanent Location Date acquired Koha item type Lost status Shelving location Barcode Current Location Full call number
Library Block A2017-08-26សៀវភៅភាសាអង់គ្លេស A105A20333Library Block A664 AME 1988 A105 Or.
មជ្ឈមណ្ឌលឯការនៃសាកលវិទ្យាល័យភូមិន្ទកសិកម្មចំការដូង

Powered by Koha